Where rainbows end

Bibliographic Details
Main Author: Ahern, Cecelia
Format: Book
Published: New York : HarperCollins Publishers , 2005
Subjects:

MARC

LEADER 00000cam a2200000 7i4500
001 0000007999
005 20080101.0
008 070910
020 |a 0007165013 
090 0 0 |a AHE   |b ENG 
100 1 |a Ahern, Cecelia 
245 1 0 |a Where rainbows end   |c Cecelia Ahern 
260 |a New York :   |b HarperCollins Publishers ,   |c 2005 
650 0 |a English fiction 
999 |a 0000992073   |b Book   |c Adult Collection   |e Perbadanan Perpustakaan Awam Johor 
999 |a 0000992074   |b Book   |c Adult Collection   |e Perbadanan Perpustakaan Awam Johor